[Event "European Rapid Championship 2021"]
[Site "Katowice"]
[Date "2021.12.19"]
[Round "7.27"]
[White "Zylka, Stanislaw"]
[Black "Andrejczuk, Beata"]
[Result "1-0"]
[WhiteElo "2367"]
[BlackElo "1925"]
[Annotator "NA"]
[PlyCount "95"]
[EventDate "2021.12.18"]
[EventType "swiss"]
[EventCountry "POL"]
[SourceTitle "playchess.com"]
[Source "ChessBase"]
[SourceQuality "1"]
[TimeControl "900+10"]

1. e4 {[%emt 0:00:02]} d5 {[%emt 0:00:01]} 2. exd5 {[%emt 0:00:03]} Qxd5 {
[%emt 0:00:02]} 3. Nc3 {[%emt 0:00:02]} Qa5 {[%emt 0:00:03]} 4. d4 {[%emt 0:00:
07]} c6 {[%emt 0:00:01]} 5. Nf3 {[%emt 0:00:46]} Nf6 {[%emt 0:00:03]} 6. Ne5 {
[%emt 0:00:22]} Be6 {[%emt 0:02:10]} 7. Qd3 {[%emt 0:04:03]} Nbd7 {[%emt 0:00:
44]} 8. Nc4 {[%emt 0:00:02]} Qc7 {[%emt 0:02:38]} 9. g3 {[%emt 0:00:11]} Nb6 {
[%emt 0:00:38]} 10. Bf4 {[%emt 0:02:00]} Qd8 {[%emt 0:01:12]} 11. Nxb6 {
[%emt 0:00:48]} Qxb6 {[%emt 0:00:09]} 12. Bg2 {[%emt 0:00:41]} O-O-O {[%emt 0:
00:48]} 13. O-O-O {[%emt 0:00:04]} g6 {[%emt 0:00:23]} 14. Rhe1 {[%emt 0:00:26]
} Bg7 {[%emt 0:00:26]} 15. Be5 {[%emt 0:00:01]} h5 {[%emt 0:00:56]} 16. h4 {
[%emt 0:00:13]} Rhe8 {[%emt 0:01:19]} 17. Kb1 {[%emt 0:00:02]} Bh8 {[%emt 0:00:
09]} 18. a3 {[%emt 0:00:13]} Nd7 {[%emt 0:00:51]} 19. Bf4 {[%emt 0:01:08]} Qa5
{[%emt 0:00:31]} 20. Rxe6 {[%emt 0:00:41]} fxe6 {[%emt 0:00:05]} 21. Bh3 {
[%emt 0:00:21]} Nf8 {[%emt 0:00:37]} 22. Qe4 {[%emt 0:00:57]} Rd7 {[%emt 0:00:
46]} 23. Rd3 {[%emt 0:00:40]} Red8 {[%emt 0:00:24]} 24. Ne2 {[%emt 0:03:52]}
Qd5 {[%emt 0:00:20]} 25. Qxd5 {[%emt 0:00:08]} exd5 {[%emt 0:00:46]} 26. Bxd7+
{[%emt 0:00:11]} Kxd7 {[%emt 0:00:06]} 27. c3 {[%emt 0:00:05]} Re8 {[%emt 0:00:
27]} 28. Bh6 {[%emt 0:00:27]} e5 {[%emt 0:00:31]} 29. Rf3 {[%emt 0:00:19]} Ne6
{[%emt 0:00:26]} 30. dxe5 {[%emt 0:00:02]} Bxe5 {[%emt 0:00:03]} 31. Kc2 {
[%emt 0:00:07]} Kd6 {[%emt 0:01:05]} 32. b4 {[%emt 0:00:22]} c5 {[%emt 0:00:26]
} 33. Rf7 {[%emt 0:00:24]} cxb4 {[%emt 0:00:44]} 34. axb4 {[%emt 0:00:04]} Nd8
{[%emt 0:00:13]} 35. Rh7 {[%emt 0:00:17]} a6 {[%emt 0:00:24]} 36. Bf4 {[%emt 0:
00:14]} b6 {[%emt 0:00:23]} 37. Rg7 {[%emt 0:00:22]} Re6 {[%emt 0:00:14]} 38.
Bxe5+ {[%emt 0:00:13]} Kxe5 {[%emt 0:00:03]} 39. Nf4 {[%emt 0:00:02]} Rc6 {
[%emt 0:00:03]} 40. Rxg6 {[%emt 0:00:21]} Rxg6 {[%emt 0:00:08]} 41. Nxg6+ {
[%emt 0:00:00]} Kf5 {[%emt 0:00:05]} 42. Nf4 {[%emt 0:00:02]} a5 {[%emt 0:00:
12]} 43. bxa5 {[%emt 0:00:05]} bxa5 {[%emt 0:00:01]} 44. Nxh5 {[%emt 0:00:03]}
a4 {[%emt 0:00:04]} 45. Nf4 {[%emt 0:00:02]} Ke4 {[%emt 0:00:07]} 46. h5 {
[%emt 0:00:03]} Nc6 {[%emt 0:00:04]} 47. h6 {[%emt 0:00:03]} d4 {[%emt 0:00:01]
} 48. h7 {[%emt 0:00:04]} 1-0

[Event "European Rapid Championship 2021"]
[Site "Katowice"]
[Date "2021.12.19"]
[Round "7.27"]
[White "Kyc, Jerzy"]
[Black "Liodakis, Konstantinos-Spyros"]
[Result "1-0"]
[WhiteElo "2308"]
[BlackElo "2114"]
[Annotator "NA"]
[PlyCount "65"]
[EventDate "2021.12.18"]
[EventType "swiss"]
[EventCountry "POL"]
[SourceTitle "playchess.com"]
[Source "ChessBase"]
[SourceQuality "1"]
[TimeControl "900+10"]

1. e4 {[%emt 0:00:02]} e5 {[%emt 0:00:01]} 2. Nf3 {[%emt 0:00:01]} Nc6 {
[%emt 0:00:01]} 3. Bb5 {[%emt 0:00:01]} f5 {[%emt 0:00:01]} 4. Nc3 {[%emt 0:00:
02]} fxe4 {[%emt 0:00:05]} 5. Nxe4 {[%emt 0:00:01]} d5 {[%emt 0:00:05]} 6. Ng3
{[%emt 0:00:07]} e4 {[%emt 0:01:01]} 7. Qe2 {[%emt 0:00:42]} Qe7 {[%emt 0:01:
39]} 8. Nd4 {[%emt 0:00:11]} Bd7 {[%emt 0:00:02]} 9. Nxc6 {[%emt 0:00:15]} bxc6
{[%emt 0:00:02]} 10. Ba4 {[%emt 0:00:04]} Nf6 {[%emt 0:00:06]} 11. Qa6 {
[%emt 0:01:54]} Qc5 {[%emt 0:01:03]} 12. O-O {[%emt 0:00:45]} Bd6 {[%emt 0:00:
22]} 13. c3 {[%emt 0:01:15]} Bxg3 {[%emt 0:00:50]} 14. hxg3 {[%emt 0:00:06]}
O-O {[%emt 0:00:03]} 15. d4 {[%emt 0:00:07]} exd3 {[%emt 0:00:58]} 16. Qxd3 {
[%emt 0:00:30]} Ng4 {[%emt 0:01:33]} 17. Qd4 {[%emt 0:00:36]} Qd6 {[%emt 0:00:
02]} 18. Bf4 {[%emt 0:00:19]} Qg6 {[%emt 0:00:23]} 19. f3 {[%emt 0:01:00]} Nf6
{[%emt 0:00:15]} 20. Bxc7 {[%emt 0:02:13]} c5 {[%emt 0:00:49]} 21. Qh4 {
[%emt 0:00:02]} Bf5 {[%emt 0:02:24]} 22. Bd6 {[%emt 0:01:01]} Rfc8 {[%emt 0:00:
02]} 23. Be5 {[%emt 0:00:47]} Nd7 {[%emt 0:00:43]} 24. Rfe1 {[%emt 0:01:17]}
Nb6 {[%emt 0:01:07]} 25. Bb5 {[%emt 0:00:44]} c4 {[%emt 0:00:34]} 26. g4 {
[%emt 0:01:25]} Bd3 {[%emt 0:00:57]} 27. Bd4 {[%emt 0:01:12]} Rc7 {[%emt 0:01:
20]} 28. Re7 {[%emt 0:01:11]} Qd6 {[%emt 0:01:31]} 29. Rae1 {[%emt 0:00:12]} a6
{[%emt 0:00:36]} 30. Rxc7 {[%emt 0:00:05]} Qxc7 {[%emt 0:00:14]} 31. Re7 {
[%emt 0:00:02]} Qf4 {[%emt 0:00:01]} 32. Rxg7+ {[%emt 0:00:03]} Kf8 {[%emt 0:
00:02]} 33. Qe7# {[%emt 0:00:01]} 1-0

[Event "European Rapid Championship 2021"]
[Site "Katowice"]
[Date "2021.12.19"]
[Round "7.28"]
[White "Kowalski, Igor"]
[Black "Koziorowicz, Michal"]
[Result "0-1"]
[WhiteElo "2295"]
[BlackElo "2041"]
[Annotator "NA"]
[PlyCount "102"]
[EventDate "2021.12.18"]
[EventType "swiss"]
[EventCountry "POL"]
[SourceTitle "playchess.com"]
[Source "ChessBase"]
[SourceQuality "1"]
[TimeControl "900+10"]

1. d4 {[%emt 0:00:01]} Nf6 {[%emt 0:00:01]} 2. Nf3 {[%emt 0:00:02]} g6 {
[%emt 0:00:03]} 3. Bf4 {[%emt 0:00:07]} Bg7 {[%emt 0:00:02]} 4. e3 {[%emt 0:00:
02]} d5 {[%emt 0:00:20]} 5. c3 {[%emt 0:00:33]} O-O {[%emt 0:01:06]} 6. h3 {
[%emt 0:00:07]} c5 {[%emt 0:00:12]} 7. dxc5 {[%emt 0:00:17]} Ne4 {[%emt 0:00:
24]} 8. Be5 {[%emt 0:00:57]} f6 {[%emt 0:00:30]} 9. Bh2 {[%emt 0:00:46]} Nxc5 {
[%emt 0:00:35]} 10. Be2 {[%emt 0:00:02]} Nc6 {[%emt 0:00:09]} 11. O-O {[%emt 0:
00:04]} e5 {[%emt 0:00:13]} 12. Nbd2 {[%emt 0:00:18]} Be6 {[%emt 0:00:23]} 13.
b4 {[%emt 0:00:37]} Nd7 {[%emt 0:00:02]} 14. Nb3 {[%emt 0:00:02]} Qb6 {[%emt 0:
00:41]} 15. Rc1 {[%emt 0:00:36]} Kh8 {[%emt 0:01:38]} 16. a4 {[%emt 0:01:06]}
a5 {[%emt 0:00:34]} 17. b5 {[%emt 0:00:03]} Ne7 {[%emt 0:00:01]} 18. c4 {
[%emt 0:00:02]} dxc4 {[%emt 0:00:57]} 19. Bxc4 {[%emt 0:00:02]} Bxc4 {[%emt 0:
00:08]} 20. Rxc4 {[%emt 0:00:01]} Rfd8 {[%emt 0:00:02]} 21. Qc1 {[%emt 0:02:48]
} Qe6 {[%emt 0:02:17]} 22. Nfd2 {[%emt 0:01:03]} Nd5 {[%emt 0:01:39]} 23. Qa1 {
[%emt 0:03:33]} Bf8 {[%emt 0:00:20]} 24. Rfc1 {[%emt 0:01:38]} Bb4 {[%emt 0:00:
24]} 25. Bg3 {[%emt 0:01:00]} N7b6 {[%emt 0:00:34]} 26. R4c2 {[%emt 0:00:59]}
Rac8 {[%emt 0:00:44]} 27. Ne4 {[%emt 0:00:53]} Rxc2 {[%emt 0:00:23]} 28. Rxc2 {
[%emt 0:00:01]} Qf5 {[%emt 0:00:06]} 29. f3 {[%emt 0:00:53]} Nxe3 {[%emt 0:00:
02]} 30. Rc1 {[%emt 0:00:01]} Nec4 {[%emt 0:01:21]} 31. Rd1 {[%emt 0:01:04]}
Rxd1+ 32. Qxd1 {[%emt 0:00:01]} Kg7 {[%emt 0:00:47]} 33. Qd8 {[%emt 0:00:11]}
Qe6 {[%emt 0:00:35]} 34. Bh4 {[%emt 0:00:45]} g5 {[%emt 0:00:13]} 35. Bf2 {
[%emt 0:00:01]} Nxa4 {[%emt 0:00:32]} 36. h4 {[%emt 0:00:00]} h6 {[%emt 0:00:
45]} 37. g4 {[%emt 0:00:13]} Qe7 {[%emt 0:00:21]} 38. Qd3 {[%emt 0:00:23]} Nab2
{[%emt 0:00:02]} 39. Qc2 {[%emt 0:00:10]} a4 {[%emt 0:00:01]} 40. Nc1 {[%emt 0:
00:00]} Qd7 {[%emt 0:00:11]} 41. Kg2 {[%emt 0:00:15]} Qd1 {[%emt 0:00:09]} 42.
Qb1 {[%emt 0:00:01]} a3 {[%emt 0:00:15]} 43. Ng3 {[%emt 0:00:15]} Qxf3+ {
[%emt 0:00:19]} 44. Kh3 {[%emt 0:00:13]} h5 {[%emt 0:00:31]} 45. hxg5 {[%emt 0:
00:04]} Qxg4+ {[%emt 0:00:06]} 46. Kh2 {[%emt 0:00:06]} Qh4+ {[%emt 0:00:07]}
47. Kg2 {[%emt 0:00:02]} Qxg5 {[%emt 0:00:00]} 48. Na2 {[%emt 0:00:06]} h4 {
[%emt 0:00:20]} 49. Qe4 {[%emt 0:00:10]} hxg3 {[%emt 0:00:04]} 50. Qxb7+ {
[%emt 0:00:01]} Kh6 {[%emt 0:00:05]} 51. Bxg3 {[%emt 0:00:09]} Be1 {[%emt 0:00:
01]} 0-1

[Event "European Rapid Championship 2021"]
[Site "Katowice"]
[Date "2021.12.19"]
[Round "7.28"]
[White "Kiolbasa, Damian"]
[Black "Czerw, Dawid"]
[Result "0-1"]
[WhiteElo "1893"]
[BlackElo "2158"]
[Annotator "NA"]
[PlyCount "68"]
[EventDate "2021.12.18"]
[EventType "swiss"]
[EventCountry "POL"]
[SourceTitle "playchess.com"]
[Source "ChessBase"]
[SourceQuality "1"]
[TimeControl "900+10"]

1. Nf3 {[%emt 0:00:02]} e6 {[%emt 0:00:06]} 2. g3 {[%emt 0:00:05]} Nf6 {
[%emt 0:00:03]} 3. Bg2 {[%emt 0:00:04]} d5 {[%emt 0:00:02]} 4. c4 {[%emt 0:00:
04]} dxc4 {[%emt 0:00:14]} 5. Qa4+ {[%emt 0:00:52]} Nbd7 {[%emt 0:00:02]} 6.
Qxc4 {[%emt 0:00:04]} a6 {[%emt 0:00:01]} 7. Qc2 {[%emt 0:03:00]} c5 {[%emt 0:
00:06]} 8. b3 {[%emt 0:00:07]} Be7 {[%emt 0:00:05]} 9. Bb2 {[%emt 0:00:01]} O-O
{[%emt 0:00:03]} 10. O-O {[%emt 0:00:06]} Qc7 {[%emt 0:01:54]} 11. Rc1 {
[%emt 0:03:27]} b5 {[%emt 0:00:49]} 12. d3 {[%emt 0:00:53]} Bb7 {[%emt 0:00:15]
} 13. Nbd2 {[%emt 0:00:02]} Rac8 {[%emt 0:00:26]} 14. h4 {[%emt 0:00:01]} h6 {
[%emt 0:00:15]} 15. a3 {[%emt 0:00:06]} Qb8 {[%emt 0:00:41]} 16. e4 {[%emt 0:
01:53]} Rfd8 {[%emt 0:00:53]} 17. a4 {[%emt 0:00:13]} Ng4 {[%emt 0:00:20]} 18.
axb5 {[%emt 0:00:17]} axb5 {[%emt 0:00:02]} 19. Ra5 {[%emt 0:00:40]} Bc6 {
[%emt 0:00:31]} 20. d4 {[%emt 0:00:27]} cxd4 {[%emt 0:03:11]} 21. Nxd4 {
[%emt 0:00:03]} Bb4 {[%emt 0:00:17]} 22. Nxc6 {[%emt 0:01:44]} Rxc6 {[%emt 0:
00:41]} 23. Qxc6 {[%emt 0:00:29]} Bxa5 {[%emt 0:00:03]} 24. Nf3 {[%emt 0:00:44]
} Bb6 {[%emt 0:02:40]} 25. Bd4 {[%emt 0:00:01]} Bxd4 {[%emt 0:00:27]} 26. Nxd4
{[%emt 0:00:01]} Nde5 {[%emt 0:01:44]} 27. Qc3 {[%emt 0:01:47]} Qa7 {[%emt 0:
00:51]} 28. Rd1 {[%emt 0:00:20]} b4 {[%emt 0:00:28]} 29. Qd2 {[%emt 0:00:59]}
Nf6 {[%emt 0:01:22]} 30. Qe3 {[%emt 0:00:35]} Neg4 {[%emt 0:00:18]} 31. Qe2 {
[%emt 0:01:01]} Rxd4 {[%emt 0:00:05]} 32. Rc1 {[%emt 0:00:02]} Nxf2 {[%emt 0:
01:08]} 33. Qxf2 {[%emt 0:00:17]} Ng4 {[%emt 0:00:02]} 34. Rc8+ {[%emt 0:00:09]
} Kh7 {[%emt 0:00:01]} 0-1

[Event "European Rapid Championship 2021"]
[Site "Katowice"]
[Date "2021.12.19"]
[Round "7.29"]
[White "Budrewicz, Krzysztof"]
[Black "Szczurek, Krzysztof"]
[Result "1-0"]
[WhiteElo "2281"]
[BlackElo "2086"]
[Annotator "NA"]
[PlyCount "71"]
[EventDate "2021.12.18"]
[EventType "swiss"]
[EventCountry "POL"]
[SourceTitle "playchess.com"]
[Source "ChessBase"]
[SourceQuality "1"]
[TimeControl "900+10"]

1. d4 {[%emt 0:00:03]} Nf6 {[%emt 0:00:01]} 2. c4 {[%emt 0:00:03]} d6 {[%emt 0:
00:03]} 3. Nf3 {[%emt 0:00:23]} g6 {[%emt 0:00:15]} 4. Nc3 {[%emt 0:00:06]} Bg7
{[%emt 0:00:03]} 5. e4 {[%emt 0:00:33]} O-O {[%emt 0:00:10]} 6. Be2 {[%emt 0:
00:03]} Nbd7 {[%emt 0:00:03]} 7. Be3 {[%emt 0:00:17]} e5 {[%emt 0:00:04]} 8. d5
{[%emt 0:00:59]} Nc5 {[%emt 0:01:22]} 9. Nd2 {[%emt 0:00:07]} a5 {[%emt 0:00:
07]} 10. b3 {[%emt 0:01:43]} Ne8 {[%emt 0:00:36]} 11. O-O {[%emt 0:00:25]} f5 {
[%emt 0:00:15]} 12. a3 {[%emt 0:00:50]} f4 {[%emt 0:01:43]} 13. Bxc5 {[%emt 0:
00:03]} dxc5 {[%emt 0:00:02]} 14. Bg4 {[%emt 0:00:05]} Nf6 {[%emt 0:01:41]} 15.
Bxc8 {[%emt 0:00:23]} Qxc8 {[%emt 0:00:02]} 16. Na4 {[%emt 0:00:12]} b6 {
[%emt 0:00:17]} 17. d6 {[%emt 0:00:08]} f3 {[%emt 0:02:29]} 18. Nxf3 {[%emt 0:
01:28]} Rd8 {[%emt 0:00:05]} 19. Qe2 {[%emt 0:00:31]} Rxd6 {[%emt 0:00:14]} 20.
Rad1 {[%emt 0:00:22]} Qe6 {[%emt 0:00:27]} 21. Rxd6 {[%emt 0:00:10]} Qxd6 {
[%emt 0:00:05]} 22. Rd1 {[%emt 0:00:02]} Qe7 {[%emt 0:00:02]} 23. Nc3 {[%emt 0:
00:11]} Rd8 {[%emt 0:01:30]} 24. Nd5 {[%emt 0:00:13]} Nxd5 {[%emt 0:00:03]} 25.
exd5 {[%emt 0:00:23]} a4 {[%emt 0:01:05]} 26. bxa4 {[%emt 0:00:15]} Ra8 {
[%emt 0:00:03]} 27. Nd2 {[%emt 0:01:21]} Rxa4 {[%emt 0:00:38]} 28. Qd3 {
[%emt 0:00:13]} Qd7 {[%emt 0:02:08]} 29. Ne4 {[%emt 0:00:11]} Kh8 {[%emt 0:00:
54]} 30. h4 {[%emt 0:01:05]} Qd8 {[%emt 0:00:20]} 31. d6 {[%emt 0:01:33]} h6 {
[%emt 0:01:13]} 32. d7 {[%emt 0:00:11]} Bf8 {[%emt 0:00:33]} 33. Qd5 {[%emt 0:
00:21]} Bg7 {[%emt 0:00:24]} 34. Qf7 {[%emt 0:00:12]} Kh7 {[%emt 0:00:11]} 35.
Rd3 {[%emt 0:00:10]} b5 {[%emt 0:00:43]} 36. Rg3 {[%emt 0:00:15]} 1-0

[Event "European Rapid Championship 2021"]
[Site "Katowice"]
[Date "2021.12.19"]
[Round "7.29"]
[White "Helis, Tadeusz"]
[Black "Musial, Tomasz"]
[Result "0-1"]
[WhiteElo "2155"]
[BlackElo "1916"]
[Annotator "NA"]
[PlyCount "96"]
[EventDate "2021.12.18"]
[EventType "swiss"]
[EventCountry "POL"]
[SourceTitle "playchess.com"]
[Source "ChessBase"]
[SourceQuality "1"]
[TimeControl "900+10"]

1. Nf3 {[%emt 0:00:03]} Nf6 {[%emt 0:00:01]} 2. c4 {[%emt 0:00:02]} e6 {
[%emt 0:00:01]} 3. g3 {[%emt 0:00:02]} b6 {[%emt 0:00:01]} 4. Bg2 {[%emt 0:00:
03]} Bb7 {[%emt 0:00:01]} 5. O-O {[%emt 0:00:03]} Be7 {[%emt 0:00:01]} 6. b3 {
[%emt 0:00:02]} O-O {[%emt 0:00:04]} 7. Bb2 {[%emt 0:00:02]} d5 {[%emt 0:00:01]
} 8. e3 {[%emt 0:00:05]} c5 {[%emt 0:00:03]} 9. Nc3 {[%emt 0:00:25]} Nbd7 {
[%emt 0:00:17]} 10. cxd5 {[%emt 0:00:49]} Nxd5 {[%emt 0:00:03]} 11. Nxd5 {
[%emt 0:00:02]} Bxd5 {[%emt 0:00:04]} 12. d4 {[%emt 0:00:06]} Bf6 {[%emt 0:00:
18]} 13. Qe2 {[%emt 0:00:12]} cxd4 {[%emt 0:00:26]} 14. Nxd4 {[%emt 0:00:17]}
Bxg2 {[%emt 0:00:09]} 15. Kxg2 {[%emt 0:00:03]} Qc7 {[%emt 0:00:40]} 16. Rac1 {
[%emt 0:00:03]} Qb7+ {[%emt 0:00:01]} 17. Qf3 {[%emt 0:00:02]} Qxf3+ {[%emt 0:
00:18]} 18. Kxf3 {[%emt 0:00:02]} e5 {[%emt 0:00:01]} 19. Rc7 {[%emt 0:00:25]}
Nc5 {[%emt 0:00:31]} 20. Rd1 {[%emt 0:00:48]} exd4 {[%emt 0:00:27]} 21. exd4 {
[%emt 0:00:02]} Ne6 {[%emt 0:00:07]} 22. Rc2 {[%emt 0:00:02]} Rad8 {[%emt 0:00:
27]} 23. d5 {[%emt 0:00:02]} Bxb2 {[%emt 0:00:07]} 24. Rxb2 {[%emt 0:00:02]}
Rd6 {[%emt 0:00:48]} 25. Rbd2 {[%emt 0:00:07]} Nc7 {[%emt 0:00:13]} 26. h4 {
[%emt 0:00:09]} Rfd8 {[%emt 0:00:04]} 27. Ke4 {[%emt 0:00:02]} Ne8 {[%emt 0:01:
05]} 28. f3 {[%emt 0:00:11]} Nf6+ {[%emt 0:00:34]} 29. Ke5 {[%emt 0:00:01]} h5
{[%emt 0:00:02]} 30. Rd4 {[%emt 0:00:03]} Kf8 {[%emt 0:02:25]} 31. g4 {[%emt 0:
00:06]} hxg4 {[%emt 0:00:02]} 32. fxg4 {[%emt 0:00:02]} Ke7 {[%emt 0:01:10]}
33. g5 {[%emt 0:00:02]} Ne8 {[%emt 0:00:58]} 34. Kf5 {[%emt 0:00:45]} Nc7 {
[%emt 0:00:17]} 35. Ke5 {[%emt 0:00:22]} f6+ {[%emt 0:01:18]} 36. Ke4 {[%emt 0:
00:02]} Nb5 {[%emt 0:01:52]} 37. Rc4 {[%emt 0:00:04]} Re6+ {[%emt 0:02:01]} 38.
Kf4 {[%emt 0:00:44]} Re5 {[%emt 0:00:16]} 39. a4 {[%emt 0:00:06]} Nd6 {[%emt 0:
00:12]} 40. Rc7+ {[%emt 0:00:10]} Rd7 {[%emt 0:00:01]} 41. Rc6 {[%emt 0:00:02]}
Re4+ {[%emt 0:00:07]} 42. Kg3 {[%emt 0:00:06]} fxg5 {[%emt 0:00:14]} 43. hxg5 {
[%emt 0:00:03]} Re3+ {[%emt 0:00:07]} 44. Kf4 {[%emt 0:00:01]} Rxb3 {[%emt 0:
00:05]} 45. Re1+ {[%emt 0:00:02]} Kd8 {[%emt 0:00:47]} 46. Re6 {[%emt 0:00:04]}
Rb4+ {[%emt 0:00:08]} 47. Kf3 {[%emt 0:00:27]} Nf5 {[%emt 0:00:11]} 48. Re4 {
[%emt 0:00:09]} Nd4+ {[%emt 0:00:09]} 0-1

[Event "European Rapid Championship 2021"]
[Site "Katowice"]
[Date "2021.12.19"]
[Round "7.30"]
[White "Dzierzak, Radoslaw"]
[Black "Szwed, Jacek"]
[Result "0-1"]
[WhiteElo "2075"]
[BlackElo "2372"]
[Annotator "NA"]
[PlyCount "92"]
[EventDate "2021.12.18"]
[EventType "swiss"]
[EventCountry "POL"]
[SourceTitle "playchess.com"]
[Source "ChessBase"]
[SourceQuality "1"]
[TimeControl "900+10"]

1. e4 {[%emt 0:00:02]} c5 {[%emt 0:00:03]} 2. Nf3 {[%emt 0:00:02]} e6 {[%emt 0:
00:02]} 3. d4 {[%emt 0:00:01]} cxd4 {[%emt 0:00:03]} 4. Nxd4 {[%emt 0:00:02]}
Nc6 {[%emt 0:00:03]} 5. Nb5 {[%emt 0:00:05]} d6 {[%emt 0:00:15]} 6. c4 {
[%emt 0:00:05]} Nf6 {[%emt 0:00:15]} 7. N1c3 {[%emt 0:00:01]} a6 {[%emt 0:00:
15]} 8. Na3 {[%emt 0:00:01]} Be7 {[%emt 0:01:01]} 9. Be2 {[%emt 0:00:12]} O-O {
[%emt 0:00:24]} 10. O-O {[%emt 0:00:03]} Ne5 {[%emt 0:00:54]} 11. Be3 {[%emt 0:
00:33]} b6 {[%emt 0:00:11]} 12. f3 {[%emt 0:00:22]} Rb8 {[%emt 0:00:23]} 13.
Rc1 {[%emt 0:01:17]} Bb7 {[%emt 0:00:14]} 14. Qd4 {[%emt 0:01:53]} Ned7 {
[%emt 0:00:57]} 15. Rfd1 {[%emt 0:00:12]} Re8 {[%emt 0:00:30]} 16. Qd2 {
[%emt 0:01:32]} Qc7 {[%emt 0:00:42]} 17. Kh1 {[%emt 0:01:11]} Kh8 {[%emt 0:00:
08]} 18. Nc2 {[%emt 0:02:34]} Rg8 {[%emt 0:00:17]} 19. Nd4 {[%emt 0:00:44]} Nh5
{[%emt 0:02:55]} 20. b4 {[%emt 0:01:43]} g5 {[%emt 0:00:13]} 21. Ndb5 {[%emt 0:
03:04]} axb5 {[%emt 0:06:09]} 22. Nxb5 {[%emt 0:00:02]} Qd8 {[%emt 0:00:13]}
23. Nxd6 {[%emt 0:00:25]} Ne5 {[%emt 0:00:27]} 24. Qb2 {[%emt 0:01:09]} Bxd6 {
[%emt 0:00:07]} 25. c5 {[%emt 0:00:01]} f6 {[%emt 0:01:03]} 26. Rxd6 {[%emt 0:
00:18]} Qe7 {[%emt 0:00:09]} 27. Rxb6 {[%emt 0:00:51]} Nf4 {[%emt 0:00:00]} 28.
Bd4 {[%emt 0:00:39]} Nxe2 {[%emt 0:00:56]} 29. Qxe2 {[%emt 0:00:04]} Ba8 {
[%emt 0:00:08]} 30. Rxb8 {[%emt 0:00:12]} Rxb8 {[%emt 0:00:00]} 31. Qb2 {
[%emt 0:00:08]} Qc7 {[%emt 0:00:40]} 32. Bxe5 {[%emt 0:00:45]} fxe5 {[%emt 0:
00:38]} 33. b5 {[%emt 0:00:05]} g4 {[%emt 0:00:06]} 34. b6 {[%emt 0:00:06]} Qg7
{[%emt 0:00:11]} 35. c6 {[%emt 0:00:08]} gxf3 {[%emt 0:00:04]} 36. gxf3 {
[%emt 0:00:15]} Rc8 {[%emt 0:00:10]} 37. c7 {[%emt 0:00:19]} Bb7 {[%emt 0:00:
07]} 38. Rd1 {[%emt 0:00:08]} Qf6 {[%emt 0:00:03]} 39. Rd3 {[%emt 0:00:13]} Rg8
{[%emt 0:00:04]} 40. Qf2 {[%emt 0:00:09]} Bxe4 {[%emt 0:00:07]} 41. Re3 {
[%emt 0:00:01]} Bb7 {[%emt 0:00:08]} 42. a4 {[%emt 0:00:14]} e4 {[%emt 0:00:06]
} 43. h3 {[%emt 0:00:10]} exf3 {[%emt 0:00:05]} 44. a5 {[%emt 0:00:06]} Qa1+ {
[%emt 0:00:09]} 45. Kh2 {[%emt 0:00:02]} Rg2+ {[%emt 0:00:14]} 46. Qxg2 {
[%emt 0:00:05]} fxg2 {[%emt 0:00:01]} 0-1

[Event "European Rapid Championship 2021"]
[Site "Katowice"]
[Date "2021.12.19"]
[Round "7.30"]
[White "Galuszka, Tomasz"]
[Black "Tworzydlo, Piotr"]
[Result "1/2-1/2"]
[WhiteElo "1886"]
[BlackElo "2152"]
[Annotator "NA"]
[PlyCount "93"]
[EventDate "2021.12.18"]
[EventType "swiss"]
[EventCountry "POL"]
[SourceTitle "playchess.com"]
[Source "ChessBase"]
[SourceQuality "1"]
[TimeControl "900+10"]

1. e4 {[%emt 0:00:03]} c5 {[%emt 0:00:07]} 2. Nf3 {[%emt 0:00:02]} e6 {[%emt 0:
00:04]} 3. d4 {[%emt 0:00:05]} cxd4 {[%emt 0:00:03]} 4. Nxd4 {[%emt 0:00:02]}
a6 {[%emt 0:00:07]} 5. Nc3 {[%emt 0:00:23]} Qc7 {[%emt 0:00:20]} 6. g3 {
[%emt 0:01:01]} Nf6 {[%emt 0:01:00]} 7. Bg2 {[%emt 0:00:02]} Bc5 {[%emt 0:00:
47]} 8. O-O {[%emt 0:00:33]} O-O {[%emt 0:00:13]} 9. Nb3 {[%emt 0:00:26]} Be7 {
[%emt 0:00:38]} 10. a4 {[%emt 0:00:53]} d6 {[%emt 0:02:29]} 11. a5 {[%emt 0:00:
12]} Bd7 {[%emt 0:00:24]} 12. Be3 {[%emt 0:00:34]} Bc6 {[%emt 0:00:26]} 13. Qe2
{[%emt 0:02:04]} Re8 {[%emt 0:01:35]} 14. Rfd1 {[%emt 0:00:23]} Nbd7 {[%emt 0:
00:20]} 15. h3 {[%emt 0:00:14]} Rac8 {[%emt 0:01:24]} 16. f4 {[%emt 0:02:20]}
h6 17. g4 {[%emt 0:00:11]} Nf8 {[%emt 0:02:10]} 18. Qf2 {[%emt 0:01:03]} d5 {
[%emt 0:01:13]} 19. Bb6 {[%emt 0:01:25]} Qb8 {[%emt 0:00:11]} 20. exd5 {
[%emt 0:00:37]} exd5 {[%emt 0:00:30]} 21. Nxd5 {[%emt 0:00:10]} Bxd5 {[%emt 0:
01:00]} 22. Bxd5 {[%emt 0:00:02]} Nxd5 {[%emt 0:00:14]} 23. Rxd5 {[%emt 0:00:
01]} Ng6 {[%emt 0:00:50]} 24. Rf1 {[%emt 0:00:11]} Bf6 {[%emt 0:00:34]} 25. Nc5
{[%emt 0:01:48]} Bh4 {[%emt 0:00:25]} 26. Qd4 {[%emt 0:01:14]} Rc6 {[%emt 0:00:
17]} 27. Rd7 {[%emt 0:01:58]} Bg5 {[%emt 0:01:28]} 28. Qd5 {[%emt 0:00:45]} Be7
{[%emt 0:00:33]} 29. Nd3 {[%emt 0:00:32]} Rd6 {[%emt 0:00:08]} 30. Qxb7 {
[%emt 0:00:21]} Rxd7 {[%emt 0:00:11]} 31. Qxd7 {[%emt 0:00:01]} Bf6 {[%emt 0:
00:08]} 32. Qc7 {[%emt 0:00:29]} Qa8 {[%emt 0:00:02]} 33. f5 {[%emt 0:00:10]}
Ne5 {[%emt 0:00:28]} 34. Nxe5 {[%emt 0:00:07]} Bxe5 {[%emt 0:00:02]} 35. Qc4 {
[%emt 0:00:19]} Bxb2 {[%emt 0:00:10]} 36. Qd3 {[%emt 0:00:05]} Bf6 {[%emt 0:00:
10]} 37. c4 {[%emt 0:00:09]} Qc6 {[%emt 0:00:02]} 38. c5 {[%emt 0:00:09]} Re4 {
[%emt 0:00:06]} 39. Qf3 {[%emt 0:00:12]} Bd4+ {[%emt 0:00:03]} 40. Kh1 {
[%emt 0:00:02]} Qe8 41. f6 {[%emt 0:00:25]} Re3 {[%emt 0:00:07]} 42. Qg2 {
[%emt 0:00:06]} Re2 {[%emt 0:00:29]} 43. Qf3 {[%emt 0:00:05]} Qe5 {[%emt 0:00:
16]} 44. Qf4 {[%emt 0:00:12]} Qd5+ {[%emt 0:00:04]} 45. Qf3 {[%emt 0:00:02]}
Qe5 {[%emt 0:00:08]} 46. Qf4 {[%emt 0:00:06]} Qd5+ {[%emt 0:00:11]} 47. Qf3 {
[%emt 0:00:01]} 1/2-1/2